|
|
|
|
| LEADER |
00000nam a2200000 i 4500 |
| 001 |
1/73757 |
| 008 |
080207s19831973 eng d |
| 020 |
|
|
|a 0-89874-642-6
|
| 035 |
|
|
|l 10094466
|
| 040 |
|
|
|a GR-MY-UA
|b gre
|e aacr
|
| 041 |
0 |
|
|a eng
|
| 082 |
0 |
|
|a 303.4
|2 (22)
|
| 100 |
1 |
|
|a Eisenstadt, S.N.
|
| 245 |
1 |
0 |
|a Tradition, change, and modernity /
|c S. N. Eisenstadt
|
| 260 |
|
|
|a Malabar :
|b Krieger,
|c 1983, 1973
|
| 300 |
|
|
|a xi, 367 σ.;
|c 23 εκ.
|
| 500 |
|
|
|a Ανατύπωση του 1983 με καινούργια εισαγωγή
|
| 504 |
|
|
|a Ευρετήριο: σ. 363-367
|
| 650 |
0 |
0 |
|a Social change.
|
| 852 |
|
|
|a INST
|b LESVOS
|e 20080207
|h 303.4 EIS
|p 005100038841
|q 005100038841
|t BK
|y 0
|
| 901 |
|
|
|a BIBL1-2008-1
|
| 909 |
|
|
|a Λ
|b 142992
|
| 922 |
|
|
|a 1ΕΛΗ
|b 200711
|c ΕΠΕΑΕΚ2/ΤΚ
|d ΠΑΠΑΣΩΤΗΡΙΟΥ
|
| 970 |
|
|
|a ΓΙΑΛΑΜΑ
|b ΜΑΡΙΑ
|z 2008/02/07
|